| 000 | 01161nam0a22002531 4500 | ||
|---|---|---|---|
| 001 | rc\492420 | ||
| 005 | 20260407111625.0 | ||
| 035 | _a(NLR Aleph) 005734261 | ||
| 090 |
_a7611461 _c7611461 |
||
| 100 | _a20030616d1988 |||y0rusy50 ca | ||
| 101 | 0 | _arus | |
| 102 | _aRU | ||
| 105 | _ay ||||||||| | ||
| 200 | 1 |
_aМЕТОДИЧЕСКИЕ указания по проведению практических занятий по курсу общей физики в малых группах _eМетод. рекоменжации для преподавателей _fГосагропром СССР, Белорус. ин-т механизации сел. хоз-ва. Каф. физики _g[Сост. Чеченина Е.П. и др.] |
|
| 210 |
_aМинск _cБ. и. _d1988 |
||
| 215 |
_a12 с. _d20 |
||
| 320 | _aБиблиогр.: с. 11 | ||
| 702 | 1 |
_aЧеченина _bЕ.Н. _4220 |
|
| 712 | 0 | 2 |
_aБелорусский институт механизации сельского хозяйства _cМинск _3RU\NLR\AUTH\889939325 _9373519 |
| 801 | 0 |
_aRU _bNLR _gpsbo |
|
| 801 | 1 |
_aRU _bELAR _2rusmarc |
|
| 852 |
_aNLR _j89-4/5821 |
||
| 942 | _cBOOK | ||
| 980 | _aNB | ||